| 000 | 00820nam a2200241Ia 4500 | ||
|---|---|---|---|
| 003 | OSt | ||
| 005 | 20220923211057.0 | ||
| 006 | a|||||r|||| 00| 0 | ||
| 007 | ta | ||
| 008 | Pun | ||
| 020 |
_a8177700995 (hbk) _c400 |
||
| 024 | _a238,207 | ||
| 037 |
_b236, 17/12/2008, N. R. Book Distributors _cTextual |
||
| 040 |
_aARTS _cARTS _bPun |
||
| 041 |
_2Pun _aPun |
||
| 082 | _aY73(P153):351, 153P5 | ||
| 100 |
_aਹਰਜੀਤ ਸਿੰਘ _9156324 |
||
| 245 | 0 | _aਪੰਜਾਬ ਦੀ ਲੋਕ ਕਲਾ | |
| 260 |
_aਅੰਮ੍ਰਿਤਸਰ _b ਗੁਰੂ ਨਾਨਕ ਦੇਵ ਯੂਨੀਵਰਸਿਟੀ _c2005 |
||
| 300 |
_a174ਪੰ _ccm. |
||
| 942 |
_hY73(P153):351, 153P5 _cTEXL _2CC |
||
| 999 |
_c294882 _d294882 |
||